000 01225cam a2200325 a 4500
001 2386971
005 20170822174819.0
008 850711s1986 enkab b 001 0 eng
010 _a 85017111
020 _a0521304512
020 _a0521315115 (pbk.)
040 _aDLC
_cDLC
_dBSU
043 _ae-it---
050 0 0 _aJN5451
_b.S64 1986
082 0 0 _a320.945 SPO
_219
100 1 _aSpotts, Frederic.
_99184
245 1 0 _aItaly, a difficult democracy :
_ba survey of Italian politics /
_cFrederic Spotts, Theodor Wieser.
260 _aCambridge [Cambridgeshire] ;
_aNew York :
_bCambridge University Press,
_c1986.
300 _ax, 329 p. :
_bill., map ;
_c23 cm.
500 _aIncludes index.
504 _aBibliography: p. 303-311.
651 0 _aItaly
_xPolitics and government
_y1945-1976.
_99185
651 0 _aItaly
_xPolitics and government
_y1976-1994.
_99186
658 _aPolitical science
700 1 _aWieser, Theodor,
_d1923-
_99187
856 4 2 _3Publisher description
_uhttp://www.loc.gov/catdir/description/cam031/85017111.html
856 4 1 _3Table of contents only
_uhttp://www.loc.gov/catdir/enhancements/fy0835/85017111-t.html
906 _a7
_bcbc
_corignew
_d1
_eocip
_f19
_gy-gencatlg
942 _2ddc
_cBK
999 _c4384
_d4384